000
00306nam a22001217a 4500
003
SGT
082
_a
364
_b
Y23T
100
_a
DHILLON YOGENDER
245
_a
THE ROLE OF INVESTIGATING AGENCIES IN JUSTICE DELIVERY SYSTEM IN INDIA
_b
AN CRITICAL STUDY
300
_a
146
650
_a
PHD(LAW)
942
_2
ddc
_c
TH
999
_c
32453
_d
32453